[Event "66th Mens Championship of Poland"]
[Site "Chotowa"]
[Date "2009.02.05"]
[Round "10.4"]
[White "Kanarek, Marcel"]
[Black "Macieja, Bartlomiej"]
[Result "0-1"]
[WhiteElo "2453"]
[BlackElo "2607"]
[PlyCount "70"]
[EventDate "2009.??.??"]

1. e4 c5 2. Nf3 Nc6 3. Nc3 e6 4. d4 cxd4 5. Nxd4 Qc7 6. Be3 a6 7. Qd2 Nf6 8.
O-O-O Be7 9. f3 h5 10. Qf2 d6 11. h3 h4 12. Kb1 b5 13. Nxc6 Qxc6 14. Bd3 b4 15.
Ne2 e5 16. Bg5 Nd7 17. Bxe7 Kxe7 18. Qe3 Qc5 19. Qd2 Nf6 20. Rhf1 Be6 21. f4 a5
22. Rf3 a4 23. g4 hxg3 24. Nxg3 a3 25. b3 Rxh3 26. f5 Bc8 27. Qg2 Qc3 28. Kc1
Rh4 29. Ne2 Qb2+ 30. Kd2 Bb7 31. Rff1 Bxe4 32. Bxe4 Nxe4+ 33. Ke3 Qxc2 34. Rd5
Rah8 35. Rf3 Nf6 0-1

[Event "66th Mens Championship of Poland"]
[Site "Chotowa"]
[Date "2009.02.05"]
[Round "10.5"]
[White "Dziuba, Marcin"]
[Black "Wojtaszek, Radoslaw"]
[Result "1/2-1/2"]
[WhiteElo "2556"]
[BlackElo "2608"]
[PlyCount "53"]
[EventDate "2009.??.??"]

1. d4 Nf6 2. c4 e6 3. Nf3 b6 4. g3 Ba6 5. b3 Bb4+ 6. Bd2 Be7 7. Bg2 c6 8. Bc3
d5 9. Ne5 Nfd7 10. Nxd7 Nxd7 11. Nd2 O-O 12. O-O Rc8 13. e4 c5 14. exd5 exd5
15. dxc5 dxc4 16. c6 cxb3 17. Re1 Bb5 18. axb3 a5 19. Nc4 Bxc6 20. Bxc6 Rxc6
21. Qf3 Bf6 22. Qxc6 Bxc3 23. Red1 Bxa1 24. Rxd7 Qe8 25. Qd5 b5 26. Qxb5 Qe1+
27. Kg2 1/2-1/2

[Event "66th Mens Championship of Poland"]
[Site "Chotowa"]
[Date "2009.02.05"]
[Round "10.6"]
[White "Gajewski, Grzegorz"]
[Black "Tomczak, Jacek"]
[Result "1-0"]
[WhiteElo "2581"]
[BlackElo "2465"]
[PlyCount "91"]
[EventDate "2009.??.??"]

1. c4 Nf6 2. g3 e5 3. Nc3 d5 4. cxd5 Nxd5 5. Bg2 Nb6 6. Nf3 Nc6 7. O-O Be7 8.
a3 a5 9. d3 O-O 10. Be3 Re8 11. Bxb6 cxb6 12. Nd2 Be6 13. Nc4 f5 14. Bxc6 bxc6
15. Nxe5 Bf6 16. Nxc6 Qd7 17. d4 Qxc6 18. d5 Qc4 19. dxe6 Bxc3 20. bxc3 Rxe6
21. e3 f4 22. exf4 Qxc3 23. Rc1 Qf6 24. Qb3 Qf7 25. Rc7 Re7 26. Qf3 Rb8 27.
Rxe7 Qxe7 28. Rb1 Qc5 29. a4 Qc4 30. Kg2 h6 31. Qb3 Qxb3 32. Rxb3 Kf7 33. Kf3
Rc8 34. Rxb6 Rc4 35. Rb7+ Kf6 36. g4 Rxa4 37. h4 Rb4 38. Rxb4 axb4 39. Ke4 b3
40. Kd3 h5 41. f3 Ke6 42. Kc3 Kd5 43. Kxb3 hxg4 44. fxg4 Ke4 45. f5 Kf4 46. h5
1-0

[Event "66th Mens Championship of Poland"]
[Site "Chotowa"]
[Date "2009.02.06"]
[Round "11.1"]
[White "Tomczak, Jacek"]
[Black "Olszewski, Michal"]
[Result "1-0"]
[WhiteElo "2465"]
[BlackElo "2517"]
[PlyCount "101"]
[EventDate "2009.??.??"]

1. e4 e5 2. Nf3 Nc6 3. d4 exd4 4. Nxd4 Bc5 5. Be3 Qf6 6. c3 Nge7 7. Bc4 b6 8.
O-O Bb7 9. f4 O-O-O 10. Qd2 Qh4 11. Bd3 f5 12. Nxf5 Bxe3+ 13. Nxe3 d5 14. exd5
Nxd5 15. Nxd5 Rxd5 16. Qe2 Rhd8 17. Be4 R5d6 18. Na3 Kb8 19. Bf3 Rd2 20. Qe6
R8d6 21. Qe1 Qxe1 22. Rfxe1 Na5 23. Re8+ Rd8 24. Rxd8+ Rxd8 25. Rd1 Rxd1+ 26.
Bxd1 c5 27. Kf2 a6 28. Bf3 Bc8 29. b3 Kc7 30. Be4 h6 31. Nc2 Nb7 32. Ne3 Nd6
33. Nd5+ Kd8 34. Bf3 b5 35. g4 g6 36. Ke3 Be6 37. Nf6 Ke7 38. Ne4 Nxe4 39. Kxe4
Kf6 40. h4 Bf7 41. g5+ hxg5 42. fxg5+ Ke6 43. b4 Kd6 44. a3 Be8 45. Kf4 Bd7 46.
Be4 cxb4 47. axb4 Be8 48. Bb7 Bd7 49. Ke4 Kc7 50. Bd5 Kd6 51. Kd4 1-0

[Event "66th Mens Championship of Poland"]
[Site "Chotowa"]
[Date "2009.02.06"]
[Round "11.2"]
[White "Wojtaszek, Radoslaw"]
[Black "Gajewski, Grzegorz"]
[Result "1/2-1/2"]
[WhiteElo "2608"]
[BlackElo "2581"]
[PlyCount "91"]
[EventDate "2009.??.??"]

1. d4 d5 2. c4 dxc4 3. e4 e5 4. Nf3 exd4 5. Bxc4 Bb4+ 6. Nbd2 Nc6 7. O-O Nf6 8.
e5 Nd5 9. Nb3 Nb6 10. Bb5 Bd7 11. Qe2 O-O 12. a3 Be7 13. Rd1 Qe8 14. Bd3 Qc8
15. Qe4 g6 16. Bh6 Bf5 17. Qf4 Rd8 18. Bxf5 Qxf5 19. Qxf5 gxf5 20. Nbxd4 Nxd4
21. Nxd4 Rd5 22. Nxf5 Rxe5 23. Nxe7+ Rxe7 24. Rd3 Re6 25. Rg3+ Rg6 26. Re1 Nd5
27. f4 Rxg3 28. hxg3 f6 29. Kf2 Kf7 30. f5 a5 31. g4 Ra6 32. Rd1 c6 33. b3 Rb6
34. Rd3 Rb5 35. Kf3 Rc5 36. Bd2 Kg7 37. g3 Kf7 38. Rd4 Rb5 39. Rd3 Rc5 40. Ke4
Ne7 41. Rd7 Rb5 42. Bf4 Ke8 43. Rc7 Kd8 44. Bd6 Nc8 45. Bf4 Ne7 46. Bd6 1/2-1/2

[Event "66th Mens Championship of Poland"]
[Site "Chotowa"]
[Date "2009.02.06"]
[Round "11.3"]
[White "Macieja, Bartlomiej"]
[Black "Dziuba, Marcin"]
[Result "1-0"]
[WhiteElo "2607"]
[BlackElo "2556"]
[PlyCount "59"]
[EventDate "2009.??.??"]

1. e4 c6 2. d4 d5 3. exd5 cxd5 4. c4 Nf6 5. Nc3 e6 6. Nf3 Bb4 7. cxd5 Nxd5 8.
Qc2 Nc6 9. Bd3 h6 10. O-O O-O 11. a3 Bd6 12. Re1 Nce7 13. Qe2 Bd7 14. Ne5 Be8
15. Ng4 Nf4 16. Bxf4 Bxf4 17. Qe4 Ng6 18. Qxb7 Rb8 19. Qxa7 Ne7 20. Rab1 Nc6
21. Qc5 Bd6 22. Qc4 Nxd4 23. Rbd1 f5 24. Ne5 Bc7 25. Bxf5 Bb6 26. Bxe6+ Kh8 27.
Bf7 Bxf7 28. Nxf7+ Rxf7 29. Qxf7 Qd6 30. Re8+ 1-0

[Event "66th Mens Championship of Poland"]
[Site "Chotowa"]
[Date "2009.02.06"]
[Round "11.4"]
[White "Bartel, Mateusz"]
[Black "Kanarek, Marcel"]
[Result "1-0"]
[WhiteElo "2594"]
[BlackElo "2453"]
[PlyCount "63"]
[EventDate "2009.??.??"]

1. d4 Nf6 2. c4 g6 3. Nc3 Bg7 4. e4 d6 5. Be2 O-O 6. Be3 e5 7. d5 a5 8. Nf3 Na6
9. Nd2 c6 10. O-O Bd7 11. a3 Nc7 12. Bb6 c5 13. b4 axb4 14. axb4 cxb4 15. Na2
Bh6 16. f4 Ba4 17. Qb1 Nd7 18. Be3 Na6 19. Nxb4 Nac5 20. g3 exf4 21. gxf4 Re8
22. Ra3 Qh4 23. Kh1 b6 24. Nf3 Qe7 25. e5 f5 26. e6 Nf6 27. Nd4 Nfe4 28. Rg1
Kf8 29. Qf1 Qh4 30. Qg2 Ke7 31. Rxa4 Rxa4 32. Nxf5+ 1-0

[Event "66th Mens Championship of Poland"]
[Site "Chotowa"]
[Date "2009.02.06"]
[Round "11.5"]
[White "Swiercz, Dariusz"]
[Black "Piorun, Kacper"]
[Result "1-0"]
[WhiteElo "2472"]
[BlackElo "2464"]
[PlyCount "83"]
[EventDate "2009.??.??"]

1. e4 c5 2. Nf3 Nc6 3. d4 cxd4 4. Nxd4 e5 5. Nb5 d6 6. N1c3 a6 7. Na3 b5 8. Nd5
Nce7 9. c4 Nxd5 10. exd5 bxc4 11. Nxc4 f5 12. Bd2 a5 13. Qa4+ Bd7 14. Qa3 Qb8
15. Nxa5 Nf6 16. Bc4 Ne4 17. Bb4 Qb6 18. O-O Be7 19. Be1 Bd8 20. b4 O-O 21. Qd3
Ng5 22. Nc6 f4 23. h4 Bf5 24. Qb3 Ne4 25. a4 Bxh4 26. a5 Qb7 27. b5 Qf7 28. b6
Nc5 29. Qd1 Bd7 30. Rc1 e4 31. f3 Bxe1 32. Rxe1 e3 33. a6 Bc8 34. b7 Nxb7 35.
axb7 Bxb7 36. Qb3 Bc8 37. Qd3 Qf6 38. Qe4 Qh4 39. Rxe3 Bf5 40. Ne7+ Kh8 41.
Nxf5 Rxf5 42. Ra3 1-0

[Event "66th Mens Championship of Poland"]
[Site "Chotowa"]
[Date "2009.02.06"]
[Round "11.6"]
[White "Miton, Kamil"]
[Black "Mista, Aleksander"]
[Result "1/2-1/2"]
[WhiteElo "2595"]
[BlackElo "2559"]
[PlyCount "70"]
[EventDate "2009.??.??"]

1. d4 d5 2. c4 dxc4 3. e4 e5 4. Nf3 exd4 5. Bxc4 Bb4+ 6. Nbd2 Nc6 7. O-O Nf6 8.
e5 Nd5 9. Nb3 Nb6 10. Bb5 Qd5 11. Nbxd4 O-O 12. Bxc6 bxc6 13. Qc2 c5 14. Ne2 c4
15. Nf4 Qd7 16. Be3 Qf5 17. Qxf5 Bxf5 18. Rac1 Rfc8 19. Nd4 Bd7 20. e6 fxe6 21.
Ndxe6 Bd6 22. Rfd1 Re8 23. Rxd6 cxd6 24. Nc7 Rxe3 25. fxe3 Rb8 26. Rd1 Rb7 27.
Na6 g5 28. Nh5 Bb5 29. Nb4 a5 30. Nd5 Nxd5 31. Rxd5 Be8 32. Nf6+ Kf7 33. Nxe8
Kxe8 34. b3 cxb3 35. axb3 Rxb3 1/2-1/2

[Event "66th Mens Championship of Poland Tie"]
[Site "Chotowa"]
[Date "2009.02.06"]
[Round "12.2"]
[White "Macieja, Bartlomiej"]
[Black "Wojtaszek, Radoslaw"]
[Result "1-0"]
[WhiteElo "2607"]
[BlackElo "2608"]
[PlyCount "77"]
[EventDate "2009.??.??"]

1. e4 c5 2. Nc3 a6 3. Nge2 d6 4. g3 Nf6 5. Bg2 e6 6. O-O Nc6 7. d4 cxd4 8. Nxd4
Bd7 9. Nce2 Rc8 10. b3 Be7 11. c4 O-O 12. a4 Qa5 13. Bd2 Qh5 14. h3 Nxd4 15.
Nxd4 Qe5 16. Bb4 Ne8 17. f4 Qf6 18. Nf3 Rd8 19. e5 Qg6 20. exd6 Bf6 21. Ne5
Bxe5 22. fxe5 Qxg3 23. Qf3 Qxe5 24. Qxb7 Nf6 25. Qf3 Rb8 26. Ba3 Rfc8 27. Rae1
Qg5 28. Qe3 Qg6 29. Kh1 Qc2 30. Rf3 Bc6 31. Rg3 Nh5 32. Bxc6 Nxg3+ 33. Qxg3
Rxc6 34. d7 Ra8 35. Be7 Qd2 36. Bf6 g6 37. Bc3 Qd6 38. Qg5 e5 39. Qxe5 1-0

[Event "66th Mens Championship of Poland Tie"]
[Site "Chotowa"]
[Date "2009.02.06"]
[Round "12.1"]
[White "Wojtaszek, Radoslaw"]
[Black "Macieja, Bartlomiej"]
[Result "1/2-1/2"]
[WhiteElo "2608"]
[BlackElo "2607"]
[PlyCount "97"]
[EventDate "2009.??.??"]

1. d4 Nf6 2. c4 e6 3. g3 d5 4. Nf3 Bb4+ 5. Bd2 Be7 6. Bg2 O-O 7. O-O c6 8. Bf4
Nbd7 9. Nc3 Nh5 10. Bc1 Nhf6 11. b3 b6 12. Bb2 Bb7 13. Qc2 Rc8 14. Rac1 c5 15.
cxd5 Nxd5 16. Nxd5 Bxd5 17. e4 Ba8 18. d5 exd5 19. exd5 Bxd5 20. Rcd1 Bxf3 21.
Bxf3 Qc7 22. Rfe1 Bf6 23. Bg4 Rcd8 24. Rxd7 Rxd7 25. Bxf6 gxf6 26. Bxd7 Qxd7
27. Qc3 Kg7 28. Re4 Re8 29. Rxe8 Qxe8 30. Qf3 Qe6 31. Qd3 f5 32. Qa6 Qe7 33.
Kf1 h6 34. Qd3 Qe4 35. Qa6 Qe7 36. Qd3 Qe6 37. Qa6 Qd7 38. Qe2 b5 39. Qe5+ Kh7
40. Qxc5 a5 41. Ke2 a4 42. bxa4 bxa4 43. a3 Qe6+ 44. Kd3 Qb3+ 45. Kd4 Kg6 46.
Qd6+ Kg7 47. Qc5 Kg6 48. Qc3 Qb6+ 49. Qc5 1/2-1/2